Michelangelo / (Record no. 33989)
[ view plain ]
| 000 -LEADER | |
|---|---|
| fixed length control field | 01454cam a22003494a 4500 |
| 001 - CONTROL NUMBER | |
| control field | 11806179 |
| 003 - CONTROL NUMBER IDENTIFIER | |
| control field | OSt |
| 005 - DATE AND TIME OF LATEST TRANSACTION | |
| control field | 20140310184354.0 |
| 008 - FIXED-LENGTH DATA ELEMENTS--GENERAL INFORMATION | |
| fixed length control field | 991008s2000 nyua c 000 0beng |
| 010 ## - LIBRARY OF CONGRESS CONTROL NUMBER | |
| LC control number | 99052380 |
| 020 ## - INTERNATIONAL STANDARD BOOK NUMBER | |
| International Standard Book Number | 0439313937 |
| 040 ## - CATALOGING SOURCE | |
| Original cataloging agency | DLC |
| Transcribing agency | DLC |
| Modifying agency | DLC |
| 042 ## - AUTHENTICATION CODE | |
| Authentication code | pcc |
| -- | lcac |
| 043 ## - GEOGRAPHIC AREA CODE | |
| Geographic area code | e-it--- |
| 050 00 - LIBRARY OF CONGRESS CALL NUMBER | |
| Classification number | N 6923.B9 |
| Item number | .St546 2001 |
| 100 1# - MAIN ENTRY--PERSONAL NAME | |
| Personal name | Stanley, Diane. |
| 9 (RLIN) | 14698 |
| 245 10 - TITLE STATEMENT | |
| Title | Michelangelo / |
| Statement of responsibility, etc | Diane Stanley. |
| 260 ## - PUBLICATION, DISTRIBUTION, ETC. (IMPRINT) | |
| Place of publication, distribution, etc | New York : |
| Name of publisher, distributor, etc | HarperCollins, |
| Date of publication, distribution, etc | 2001 |
| 300 ## - PHYSICAL DESCRIPTION | |
| Other physical details | col. ill. ; |
| Dimensions | 29 cm. |
| 520 ## - SUMMARY, ETC. | |
| Summary, etc | A biography of the Renaissance sculptor, painter, architect, and poet, well known for his work on the Sistine Chapel in Rome's St. Peter's Cathedral. |
| 521 ## - TARGET AUDIENCE NOTE | |
| Target audience note | |
| 526 ## - STUDY PROGRAM INFORMATION NOTE | |
| Reading level | 940 |
| 600 00 - SUBJECT ADDED ENTRY--PERSONAL NAME | |
| Personal name | Michelangelo Buonarroti, |
| Dates associated with a name | 1475-1564 |
| Form subdivision | Juvenile literature. |
| 9 (RLIN) | 25430 |
| 600 01 - SUBJECT ADDED ENTRY--PERSONAL NAME | |
| Personal name | Michelangelo Buonarroti, |
| Dates associated with a name | 1475-1564. |
| 9 (RLIN) | 25431 |
| 650 #0 - SUBJECT ADDED ENTRY--TOPICAL TERM | |
| Topical term or geographic name as entry element | Artists |
| Geographic subdivision | Italy |
| Form subdivision | Biography |
| -- | Juvenile literature. |
| 9 (RLIN) | 25432 |
| 650 #1 - SUBJECT ADDED ENTRY--TOPICAL TERM | |
| Topical term or geographic name as entry element | Artists. |
| 9 (RLIN) | 15797 |
| 856 42 - ELECTRONIC LOCATION AND ACCESS | |
| Materials specified | Publisher description |
| Uniform Resource Identifier | <a href="http://www.loc.gov/catdir/description/hc041/99052380.html">http://www.loc.gov/catdir/description/hc041/99052380.html</a> |
| 906 ## - LOCAL DATA ELEMENT F, LDF (RLIN) | |
| a | 7 |
| b | cbc |
| c | orignew |
| d | 1 |
| e | ocip |
| f | 19 |
| g | y-gencatlg |
| 942 ## - ADDED ENTRY ELEMENTS (KOHA) | |
| Source of classification or shelving scheme | Library of Congress Classification |
| Koha item type | |
| Withdrawn status | Lost status | Source of classification or shelving scheme | Damaged status | Home library | Current library | Shelving location | Date acquired | Total Checkouts | Total Renewals | Full call number | Barcode | Date last seen | Date checked out | Copy number | Price effective from | Koha item type |
|---|---|---|---|---|---|---|---|---|---|---|---|---|---|---|---|---|
| Library of Congress Classification | Luxembourg Library | Luxembourg Library | Scholastic Reading Center Section | 10/07/2013 | 2 | 1 | N 6923.B9 .St546 2001 | LEX0346 | 09/26/2017 | 09/25/2017 | 1 | 10/07/2013 | Books |